Szczegóły MARC
| 000 -Nagłówek |
| fixed length control field |
02071cam a2200565 i 4500 |
| 001 - Nr kontrolny bibl., która utworzyła rek. |
| control field |
xx004893692 |
| 003 - Siglum bibl., której nr kontr. jest w 001 |
| control field |
NUKAT |
| 005 - Data i czas ostatniej operacji |
| control field |
20260428095620.0 |
| 008 - Elementy pola stałej długości |
| fixed length control field |
200626s2020 pl a g |000 0dpol c |
| 020 ## - ISBN |
| ISBN |
9788380988569 |
| dopowiedzenie |
(oprawa miękka) |
| 035 ## - Systemowy numer kontrolny |
| systemowy numer kontrolny |
(OCoLC)1164124833 |
| 035 ## - Systemowy numer kontrolny |
| systemowy numer kontrolny |
(NUKAT)xx004893692 |
| 040 ## - Instytucja sporządzająca opis |
| Instytucja, która sporządziła opis |
SIEDL 001/WS |
| język katalgowania-trzyzn. kod |
pol |
| zasady opisu |
rda |
| Instytucja, która sporządziła rekord |
SIEDL 001/WS |
| Instytucja, która zmodyfikowała rekord |
KR 295/MZs |
| -- |
OLSZT 008/bak |
| 045 2# - Okres czasu dla zawartości |
| czas między r. 9999 pne a nasz. czas. |
d1940 |
| -- |
d2020 |
| 046 ## - Kod rodz. daty, data1, data2 (daty pne) |
| Begin/single date |
2020 |
| 245 00 - Tytuł właściwy i oznaczenie odpow. |
| tytuł |
Katyń 1940-2020 : |
| dodatek do tytułu |
zbrodnia, kłamstwo, pamięć / |
| dod. inf. ze s. tyt./ozn. odpow. |
redakcja Anna Zechenter. |
| 260 ## - Adres wydawniczy |
| miejsce wydania, dystrybucji itp. |
Warszawa : |
| nazwa wydawcy, dystrybutora itp. |
Instytut Pamięci Narodowej, |
| data wydania, dystrybucji itp. |
2020. |
| 300 ## - Opis fizyczny |
| objętość i/lub forma materiału |
102, [2] strony : |
| inne szczegóły opisu fizycznego |
ilustracje ; |
| format |
24 cm. |
| 336 ## - Content Type |
| Term |
Obraz |
| Code |
sti |
| Source |
rdacontent |
| 336 ## - Content Type |
| Term |
Tekst |
| Code |
txt |
| Source |
rdacontent |
| 337 ## - Media Type |
| Term |
Bez urządzenia pośredniczącego |
| Code |
n |
| Source |
rdamedia |
| 338 ## - Carrier Type |
| Term |
Wolumin |
| Code |
nc |
| Source |
rdacarrier |
| 380 ## - Form of work |
| Form of work |
Albumy i książki artystyczne |
| 380 ## - Form of work |
| Form of work |
Książki |
| 380 ## - Form of work |
| Form of work |
Publikacje popularnonaukowe |
| 388 1# - TIME PERIOD OF CREATION |
| Time period of creation term |
2001- |
| 500 ## - Uwaga ogólna |
| uwaga ogólna |
Na stronie redakcyjnej: Bezpłatny dodatek do "Biuletynu IPN" 2020, 4 (173). |
| 648 #7 - SUBJECT ADDED ENTRY--CHRONOLOGICAL TERM |
| Chronological term |
1901-2000 |
| Source of heading or term |
DBN |
| 9 (RLIN) |
34996 |
| 648 #7 - SUBJECT ADDED ENTRY--CHRONOLOGICAL TERM |
| Chronological term |
1939-1945 |
| Source of heading or term |
DBN |
| 9 (RLIN) |
36042 |
| 648 #7 - SUBJECT ADDED ENTRY--CHRONOLOGICAL TERM |
| Chronological term |
1945-1989 |
| Source of heading or term |
DBN |
| 9 (RLIN) |
36043 |
| 648 #7 - SUBJECT ADDED ENTRY--CHRONOLOGICAL TERM |
| Chronological term |
1989-2000 |
| Source of heading or term |
DBN |
| 9 (RLIN) |
36156 |
| 648 #7 - SUBJECT ADDED ENTRY--CHRONOLOGICAL TERM |
| Chronological term |
2001- |
| Source of heading or term |
DBN |
| 9 (RLIN) |
36393 |
| 650 #7 - Hasło przedmiotowe-nazwa pospolita |
| nazwa pospolita lub geogr. |
Kultura pamięci |
| źródło hasła |
DBN |
| 9 (RLIN) |
36929 |
| 650 #7 - Hasło przedmiotowe-nazwa pospolita |
| nazwa pospolita lub geogr. |
Ofiary prześladowań |
| źródło hasła |
DBN |
| 9 (RLIN) |
40037 |
| 650 #7 - Hasło przedmiotowe-nazwa pospolita |
| nazwa pospolita lub geogr. |
Rocznice |
| źródło hasła |
DBN |
| 9 (RLIN) |
36778 |
| 650 #7 - Hasło przedmiotowe-nazwa pospolita |
| nazwa pospolita lub geogr. |
Sprawa katyńska |
| źródło hasła |
DBN |
| 9 (RLIN) |
40759 |
| 650 #7 - Hasło przedmiotowe-nazwa pospolita |
| nazwa pospolita lub geogr. |
Upamiętnianie |
| źródło hasła |
DBN |
| 9 (RLIN) |
35173 |
| 650 #7 - Hasło przedmiotowe-nazwa pospolita |
| nazwa pospolita lub geogr. |
Zbrodnia katyńska (1940) |
| źródło hasła |
DBN |
| 9 (RLIN) |
40760 |
| 650 #7 - Hasło przedmiotowe-nazwa pospolita |
| nazwa pospolita lub geogr. |
Katyń, Zbrodnia (1940). |
| źródło hasła |
kaba |
| 9 (RLIN) |
40761 |
| 650 #7 - Hasło przedmiotowe-nazwa pospolita |
| nazwa pospolita lub geogr. |
Pomniki katyńskie. |
| źródło hasła |
kaba |
| 9 (RLIN) |
40762 |
| 651 #7 - Hasło przedmiotowe-nazwa geogr. |
| nazwa geograficzna |
Polska |
| źródło hasła |
DBN |
| 9 (RLIN) |
35076 |
| 651 #7 - Hasło przedmiotowe-nazwa geogr. |
| nazwa geograficzna |
ZSRR |
| źródło hasła |
DBN |
| 9 (RLIN) |
37200 |
| 655 #7 - Termin określający rodzaj/formę |
| rodzaj/forma |
Praca zbiorowa |
| źródło terminu |
DBN |
| 9 (RLIN) |
35107 |
| 655 #7 - Termin określający rodzaj/formę |
| rodzaj/forma |
Publikacja bogato ilustrowana |
| źródło terminu |
DBN |
| 9 (RLIN) |
35165 |
| 658 ## - Nazwa określająca cel programu nauczania |
| główny cel programu nauczania |
Historia |
| 700 1# - Hasło dodatkowe - nazwa osobowa |
| nazwa osobowa |
Zechenter, Anna |
| daty biograficzne |
(1959- ). |
| rodzaj współpracy |
Redakcja |
| 9 (RLIN) |
40168 |
| 710 2# - Hasło dodatkowe - nazwa ciała zbior. |
| nazwa ciała zbior. lub nazwa geogr. |
Instytut Pamięci Narodowej - Komisja Ścigania Zbrodni przeciwko Narodowi Polskiemu. |
| rodzaj współpracy |
Wydawca |
| kod rodzaju współpracy |
pbl |
| 9 (RLIN) |
11792 |
| 920 ## - ISBN |
| ISBN |
978-83-8098-856-9 (oprawa miękka) |
| 942 ## - ADDED ENTRY ELEMENTS (KOHA) |
| Source of classification or shelving scheme |
Dewey Decimal Classification |
| Koha item type |
pozycje dostępne na miejscu |